[Event "Chigorin Memorial Open"]
[Site "St Petersburg RUS"]
[Date "2011.10.20"]
[Round "7.51"]
[White "Chekhov,S"]
[Black "Ivakhinova,I"]
[Result "1-0"]
[WhiteElo "2414"]
[BlackElo "2288"]

1.e4 d6 2.d4 Nf6 3.Nc3 e5 4.Nf3 Nbd7 5.Bc4 Be7 6.O-O O-O 7.Re1 c6 8.a4 exd4
9.Qxd4 Ne5 10.Be2 Nfg4 11.Bf4 Qc7 12.h3 Nxf3+ 13.Bxf3 Ne5 14.Be2 b6 15.Rad1 Bb7
16.Qe3 a6 17.Qg3 b5 18.h4 Kh8 19.h5 h6 20.Bf1 Rfe8 21.Ne2 Rad8 22.Nd4 Bf6
23.Nf5 Bc8 24.Ne3 Qe7 25.axb5 axb5 26.Rd2 Be6 27.c3 Rd7 28.Red1 Red8 29.Qh2 Bg5
30.Bxg5 hxg5 31.f4 Ng4 32.Nxg4 Bxg4 33.Rc1 gxf4 34.Qxf4 Bxh5 35.g3 Kg8 36.Bh3 Ra7
37.Bf5 Qf6 38.g4 Bg6 39.g5 Qe7 40.Rh2 Bxf5 41.Qh4  1-0

[Event "Chigorin Memorial Open"]
[Site "St Petersburg RUS"]
[Date "2011.10.20"]
[Round "7.55"]
[White "Sychev,K"]
[Black "Sirletti,S"]
[Result "1-0"]
[WhiteElo "2389"]
[BlackElo "1940"]

1.e4 d6 2.d4 Nf6 3.Nc3 e5 4.Nf3 Nbd7 5.Rg1 c6 6.g4 h6 7.Be3 b5 8.a3 Qa5 9.Nd2 Qc7
10.Nb3 a6 11.f4 exd4 12.Bxd4 c5 13.Bxf6 Nxf6 14.Qe2 Bb7 15.e5 dxe5 16.Qxe5+ Qxe5+
17.fxe5 Nd7 18.Na5 O-O-O 19.Nxb7 Kxb7 20.O-O-O Be7 21.Bg2+ Kb8 22.Rge1 Bg5+
23.Kb1 Rhe8 24.Rd6 Ka7 25.Bc6 Nxe5 26.Rxd8 Rxd8 27.Rxe5 Rd2 28.Nd5 Rxh2 29.Re8  1-0

[Event "1st Central Asia Cup"]
[Site "Tashkent UZB"]
[Date "2011.10.20"]
[Round "3.17"]
[White "Tokhirjanova,H"]
[Black "Khouseinov,R"]
[Result "1-0"]
[WhiteElo "2144"]
[BlackElo "2299"]

1.e4 d6 2.d4 Nf6 3.Nc3 e5 4.dxe5 dxe5 5.Qxd8+ Kxd8 6.Bg5 c6 7.Bc4 Ke8 8.O-O-O Nbd7
9.f3 h6 10.Bh4 Bb4 11.Nge2 b5 12.Bb3 a5 13.a3 Be7 14.Bg3 Ba6 15.Rhe1 a4 16.Ba2 Ra7
17.f4 Ng4 18.fxe5 Ngxe5 19.Nd4 g6 20.Nf3 Nxf3 21.gxf3 h5 22.e5 h4 23.Bf2 Bc5
24.Bxf7+ Kxf7 25.e6+ Kg7 26.exd7 Bxf2 27.Re7+ Kf6 28.Re8 Ra8 29.Ne4+ Kf5
30.Rxh8 Be3+ 31.Kb1 Rxh8 32.d8=Q Rxd8 33.Rxd8 b4 34.axb4 Bf4 35.Nc5 Bc4 36.Rf8+  1-0

[Event "1st Central Asia Cup"]
[Site "Tashkent UZB"]
[Date "2011.10.20"]
[Round "3.18"]
[White "Khamrakulov,D"]
[Black "Nasriddinzoda,M"]
[Result "1-0"]
[WhiteElo "2480"]
[BlackElo "2027"]

1.e4 d6 2.d4 Nf6 3.Nc3 e5 4.Nf3 Nbd7 5.Bc4 Be7 6.a4 O-O 7.O-O c6 8.Re1 Re8
9.a5 h6 10.h3 Qc7 11.Be3 Nf8 12.Qd3 Ng6 13.d5 Bd7 14.Red1 Rec8 15.Bb3 c5
16.Nd2 Nh5 17.Ba4 Nhf4 18.Qf1 Rf8 19.Bxd7 Qxd7 20.Kh2 Bg5 21.Nf3 Be7 22.g3 Nh5
23.Qe2 Nf6 24.Rg1 Nh7 25.g4 Ng5 26.Rg3 Nxf3+ 27.Rxf3 Bg5 28.Qd2 Qe7 29.Ne2 Bf4+
30.Nxf4 exf4 31.Bxf4 Qxe4 32.Raa3 Nxf4 33.Rxf4 Qe5 34.Kg2 b5 35.axb6 axb6
36.Rb3 Rfb8 37.Rf5 Qe4+ 38.Rff3 Ra4 39.Rd3 b5 40.c3 b4 41.Re3 bxc3 42.bxc3 Qg6
43.Re7 Rf8 44.Qe2 Raa8 45.Rf5 h5 46.Rxh5 Qf6 47.g5 Qxc3 48.g6 Qf6 49.Rh8+  1-0

[Event "15th Unive Open"]
[Site "Hoogeveen NED"]
[Date "2011.10.21"]
[Round "8"]
[White "Hummel,J"]
[Black "Lorscheid,G"]
[Result "0-1"]
[WhiteElo "2004"]
[BlackElo "2277"]

1.e4 d6 2.d4 Nf6 3.Nc3 Nbd7 4.Nf3 e5 5.Bc4 Be7 6.O-O O-O 7.a4 c6 8.Ba2 a5
9.Qe2 exd4 10.Nxd4 Nc5 11.h3 Qb6 12.Nb3 Na6 13.Be3 Qc7 14.Nd4 Nb4 15.Bb3 Bd7
16.f4 Rae8 17.Qf3 c5 18.Ndb5 Qb8 19.Rf2 Bc6 20.Nd5 Nxe4 21.Qxe4 Bh4 22.Qf5 Bxd5
23.Re2 Bxb3 24.cxb3 Re6 25.Qg4 Qd8 26.Rd1 Rfe8 27.Nxd6 Rxe3 28.Rxe3 Rxe3
29.Nf5 Qxd1+  0-1

[Event "Chigorin Memorial Open"]
[Site "St Petersburg RUS"]
[Date "2011.10.21"]
[Round "8.77"]
[White "Sichinava,Z"]
[Black "Basencyan,M"]
[Result "0-1"]
[WhiteElo "2372"]
[BlackElo "2135"]

1.d4 d6 2.e4 Nf6 3.Nc3 Nbd7 4.Nf3 e5 5.h3 Be7 6.Be3 c6 7.Bd3 O-O 8.g4 Qa5
9.Qd2 b5 10.O-O Qc7 11.Ne2 a6 12.Ng3 Rd8 13.c3 Bf8 14.Nh4 d5 15.exd5 cxd5
16.Nhf5 Bb7 17.Bg5 Re8 18.Bxf6 Nxf6 19.Qg5 Kh8 20.Rae1 e4 21.Bb1 Re6 22.Qh4 g6
23.g5 Ng8 24.Ne3 f5 25.gxf6 Nxf6 26.Ng4 Nxg4 27.hxg4 Qf4 28.Qh3 Rae8 29.Re3 Qh6
30.Qg2 Bd6 31.Ne2 Qg5 32.Bc2 Rf8 33.Bd1 Ref6 34.Rh3 Bc8 35.Ng3 R8f7 36.Rh1 Qd2
37.Bb3 Be6 38.Rh4 Qxb2 39.g5 Rf4 40.Rh6 Rg4  0-1

[Event "Chigorin Memorial Open"]
[Site "St Petersburg RUS"]
[Date "2011.10.21"]
[Round "8.99"]
[White "Voronenkov,S"]
[Black "Turikov,V"]
[Result "0-1"]
[WhiteElo "2048"]
[BlackElo "2279"]

1.e4 d6 2.d4 Nf6 3.Nc3 c6 4.f4 Qa5 5.Bd3 e5 6.dxe5 dxe5 7.Nf3 Nbd7 8.O-O Bd6
9.f5 O-O 10.Kh1 Qc7 11.Qe1 b5 12.g4 Nc5 13.g5 Nh5 14.Be3 g6 15.Qh4 Re8 16.Rad1 Rb8
17.Ne2 Ng7 18.f6 Nh5 19.Qf2 Nd7 20.Ng3 Nf4 21.Ng1 c5 22.c3 c4 23.Bb1 a6 24.N3e2 Ne6
25.h4 Bc5 26.Rd2 Bxe3 27.Qxe3 Ndc5 28.Rfd1 Bb7 29.Nh3 Rbd8 30.Ng3 Rxd2 31.Rxd2 Rd8
32.Kh2 Rd6 33.Ng1 Nf4 34.Nf3 Qd7 35.Rxd6 Qh3+ 36.Kg1 Qg2+  0-1

[Event "33rd Arco Open"]
[Site "Arco ITA"]
[Date "2011.10.22"]
[Round "1"]
[White "Sukaylo,Aleksey"]
[Black "Molina,Fa"]
[Result "0-1"]
[WhiteElo "1884"]
[BlackElo "2258"]

1.e4 d6 2.d4 Nf6 3.Nc3 Nbd7 4.f4 e5 5.Nf3 exd4 6.Nxd4 g6 7.Be2 Bg7 8.O-O O-O
9.Bf3 Re8 10.Nde2 Rb8 11.Be3 b6 12.Ng3 Bb7 13.Bd4 Qe7 14.h4 h5 15.f5 Ne5
16.fxg6 fxg6 17.Be3 Nh7 18.Bxh5 Qxh4 19.Bf2 gxh5 20.Nxh5 Qg4  0-1

[Event "33rd Arco Open"]
[Site "Arco ITA"]
[Date "2011.10.22"]
[Round "1"]
[White "Ebeling,J"]
[Black "Menon,Michele"]
[Result "1-0"]
[WhiteElo "2019"]
[BlackElo "1776"]

1.e4 d6 2.d4 Nf6 3.Nc3 c6 4.a4 Qa5 5.Bd2 e5 6.dxe5 dxe5 7.Nf3 Bb4 8.Bc4 O-O
9.O-O Bg4 10.h3 Bh5 11.Qe2 h6 12.g4 Bg6 13.Nh4 Bh7 14.Nf5 Bxf5 15.exf5 Nbd7
16.h4 Nd5 17.g5 hxg5 18.hxg5 N7b6 19.Bd3 Nxc3 20.bxc3 Bxc3 21.Bxc3 Qxc3 22.Qh5 Nd5
23.f6  1-0

[Event "33rd Arco Open"]
[Site "Arco ITA"]
[Date "2011.10.22"]
[Round "1"]
[White "Savarese,V"]
[Black "Ziltener,W"]
[Result "0-1"]
[WhiteElo "1805"]
[BlackElo "2081"]

1.e4 d6 2.d4 Nf6 3.Nc3 c6 4.a4 Qa5 5.Bd2 Qb6 6.Nf3 Bg4 7.Be2 Bxf3 8.Bxf3 Qxd4
9.O-O e5 10.Qe2 Qb6 11.a5 Qc7 12.b4 Nbd7 13.b5 Be7 14.Be3 O-O 15.Bxa7 cxb5
16.Nxb5 Qc6 17.Ra3 Qa6 18.Be3 d5 19.Ra4 dxe4 20.Bxe4 Nxe4 21.Rxe4 f5 22.Ra4 Rfc8
23.Qd3 Qe6 24.Rfa1 f4 25.Bd2 Nc5 26.Qc4 Qxc4 27.Rxc4 Ne6 28.Rxc8+ Rxc8 29.Ra2 Rd8
30.c3 Rd5 31.c4 Rd3 32.Kf1 e4 33.Ke2 Rb3 34.Nc3 Nc5 35.Nd5 f3+ 36.gxf3 exf3+
37.Kd1 Bh4 38.Be3 Ne4 39.Kc2 Rxe3 40.fxe3 f2 41.Ra1 Ng5 42.Ne7+ Kf7 43.Nf5 Nf3
44.Rh1 Ng1  0-1

[Event "15th Unive Open"]
[Site "Hoogeveen NED"]
[Date "2011.10.22"]
[Round "9"]
[White "Van Kampen,R"]
[Black "Haslinger,S"]
[Result "1-0"]
[WhiteElo "2529"]
[BlackElo "2542"]

1.e4 d6 2.d4 Nf6 3.Nc3 e5 4.Nf3 Nbd7 5.Bc4 Be7 6.O-O O-O 7.a4 c6 8.Re1 a5
9.b3 Nb6 10.Bf1 exd4 11.Qxd4 d5 12.e5 Ne8 13.Bd3 Be6 14.Qf4 f5 15.Nd4 Nc7
16.Nce2 c5 17.Nxe6 Nxe6 18.Qf3 g6 19.c4 d4 20.Qxb7 Rb8 21.Qf3 Bg5 22.Qc6 Qd7
23.Qxd7 Nxd7 24.f4 Bh6 25.Rb1 Rb7 26.g3 Nb8 27.Bd2 Nc6 28.Nc1 g5 29.Bf1 Nb4
30.Bg2 Re7 31.Rf1 gxf4 32.gxf4 Nxf4 33.Bxf4 Bxf4 34.Rxf4 Rxe5 35.Rb2 Rfe8
36.Rd2 Re1+ 37.Rf1 R8e3 38.Kf2 Rxc1 39.Rxc1 Nd3+ 40.Rxd3 Rxd3 41.Re1 Rxb3
42.Re5 Rb2+ 43.Kg3 f4+ 44.Kf3 Ra2 45.Rxc5 Rxa4 46.Kxf4 Ra1 47.Bd5+ Kf8 48.Ke4 Rd1
49.Rxa5 d3 50.Ra2 Ke7 51.Ke3 Kd6 52.Rd2 Rf1 53.Kxd3 Kc5 54.Ke4  1-0

[Event "15th Unive Open"]
[Site "Hoogeveen NED"]
[Date "2011.10.22"]
[Round "9"]
[White "Van der Wiel,J"]
[Black "Stavast,D"]
[Result "1-0"]
[WhiteElo "2459"]
[BlackElo "2097"]

1.e4 d6 2.d4 Nf6 3.Nc3 e5 4.dxe5 dxe5 5.Qxd8+ Kxd8 6.Bc4 Be6 7.Bxe6 fxe6
8.f3 Nc6 9.Be3 Bd6 10.Nh3 Ke7 11.Nf2 Bb4 12.Nd3 Bxc3+ 13.bxc3 b6 14.Rd1 h6
15.h4 g6 16.Bg1 Nd7 17.Bh2 Rad8 18.Bg3 Kf6 19.h5 Nf8 20.Ke2 Rd7 21.hxg6 Nxg6
22.Rh5 Rg7 23.Rdh1 Kf7 24.Rxh6 Rxh6 25.Rxh6 Ke7 26.Rh5 Kd6 27.Rg5  1-0

[Event "TCh-SUI 2011"]
[Site "Lausanne SUI"]
[Date "2011.10.22"]
[Round "8.8"]
[White "Lopez,Man"]
[Black "Schmidt Schaeffer,S"]
[Result "0-1"]
[WhiteElo "1924"]
[BlackElo "2410"]

1.e4 d6 2.d4 Nf6 3.Nc3 Nbd7 4.Nf3 e5 5.dxe5 dxe5 6.Bc4 Bb4 7.O-O c6 8.Qe2 O-O
9.Bg5 h6 10.Bh4 Qe7 11.Nd1 b5 12.Bb3 Nc5 13.c3 Ba5 14.Bc2 Ne6 15.Bg3 Nf4
16.Bxf4 exf4 17.b4 Bb6 18.Nb2 Re8 19.e5 Nd5 20.a4 g6 21.Nd1 Bg4 22.Re1 bxa4
23.Bxa4 Qc7 24.c4 Nxb4 25.Nc3 Bxf3 26.Qxf3 Bd4 27.Rab1 a5 28.Ne4 Bxe5 29.Rxb4 axb4
30.Bxc6 Qxc6  0-1

[Event "26th Le Touquet Open"]
[Site "Le Touquet FRA"]
[Date "2011.10.22"]
[Round "1.16"]
[White "Levers,T"]
[Black "Joie,S"]
[Result "0-1"]
[WhiteElo "1933"]
[BlackElo "2247"]

1.d4 d6 2.e4 Nf6 3.Nc3 e5 4.Nf3 exd4 5.Nxd4 Be7 6.Bc4 a6 7.a4 O-O 8.Ba2 c5
9.Nf3 Nc6 10.h3 Be6 11.Bd5 Qd7 12.Bf4 Nb4 13.Bxe6 Qxe6 14.Qe2 Nh5 15.Bh2 f5
16.O-O fxe4 17.Qxe4 Qxe4 18.Nxe4 d5 19.Nc3 d4 20.Rae1 dxc3 21.Rxe7 cxb2 22.Rb1 Rad8
23.Be5 Nc6 24.Re6 Nf4 25.Bxf4 Rxf4 26.Rxb2 Rb4 27.Rxb4 cxb4 28.a5 Rd5 29.Kf1 Kf7
30.Re4 Rxa5 31.Ke2 Rd5 32.h4 h6 33.Ke3 a5 34.Ne1 Re5 35.Rxe5 Nxe5 36.Kd4 a4
37.f4 a3  0-1

[Event "TCh-SVK Extraliga 2011-12"]
[Site "Slovakia SVK"]
[Date "2011.10.22"]
[Round "1"]
[White "Vajda,Le"]
[Black "Neuman,P"]
[Result "1-0"]
[WhiteElo "2557"]
[BlackElo "2463"]

1.e4 d6 2.d4 Nf6 3.Nc3 e5 4.Nf3 Nbd7 5.Bc4 Be7 6.O-O O-O 7.Re1 c6 8.a4 b6
9.d5 cxd5 10.Nxd5 Bb7 11.b3 Rc8 12.Nxe7+ Qxe7 13.Nd2 Rfd8 14.Bb2 d5 15.exd5 Bxd5
16.Bxd5 Nxd5 17.Nc4 Nf4 18.Qf3 Ne6 19.Bxe5 Nxe5 20.Rxe5 h6 21.Rae1 Qc7 22.h3 Rd4
23.R5e4 Rd7 24.h4 Rcd8 25.Rg4 a6 26.Rg3 Rd4 27.Qe3 b5 28.axb5 axb5 29.Ne5 Rxh4
30.c3 Rh5 31.Qe2  1-0

[Event "TCh-SVK Extraliga 2011-12"]
[Site "Slovakia SVK"]
[Date "2011.10.22"]
[Round "1"]
[White "Stockova,Z"]
[Black "Lisko,F"]
[Result "1-0"]
[WhiteElo "2360"]
[BlackElo "2311"]

1.e4 d6 2.d4 Nf6 3.Nc3 e5 4.Nf3 Nbd7 5.Bc4 Be7 6.O-O O-O 7.Re1 c6 8.a4 a5
9.b3 Nb6 10.Bf1 Bg4 11.dxe5 Bxf3 12.Qxf3 dxe5 13.Be3 Qc7 14.Ne2 Nfd7 15.Ng3 g6
16.Bh6 Rfe8 17.Nf5 Bf6 18.Ne3 Bg7 19.Ng4 f6 20.Qe3 Bh8 21.Rad1 Kf7 22.Qh3 Nf8
23.Be3 Rad8 24.Bd2 Ra8 25.Re3 Red8 26.Bd3 h5 27.Nh6+ Ke8 28.Rf3 Qd7 29.Qh4 Ne6
30.Ng8 Nd4 31.Nxf6+ Bxf6 32.Rxf6 Ne6 33.Rxg6 Qf7 34.Qxh5 Kd7 35.Be3  1-0

[Event "Chigorin Memorial Open"]
[Site "St Petersburg RUS"]
[Date "2011.10.22"]
[Round "9.49"]
[White "Malakhov,I"]
[Black "Ivakhinova,I"]
[Result "1-0"]
[WhiteElo "2428"]
[BlackElo "2288"]

1.e4 d6 2.d4 Nf6 3.Nc3 e5 4.Nf3 Nbd7 5.g3 c6 6.Bg2 b5 7.O-O Be7 8.d5 cxd5
9.Nxd5 Nxd5 10.Qxd5 Rb8 11.Be3 a6 12.Qd3 Bb7 13.a4 O-O 14.axb5 axb5 15.Ra7 Nf6
16.Nd2 Ng4 17.Nb3 Nxe3 18.Qxe3 Bg5 19.Qd3 Qb6 20.Ra5 Qc6 21.Rd1 Rfd8 22.h4 Be7
23.c3 f5 24.Nd2 Ba8 25.Rxa8 Qxa8 26.exf5 d5 27.Nf1 e4 28.Qe2 Bc5 29.Nh2 Qc6
30.Ng4 Rb7 31.Kh2 Re7 32.f4 Rf8 33.Ne5 Rxe5 34.fxe5 Rxf5 35.e6 Rf6 36.Qh5 Rxe6
37.Rxd5 Bd6 38.Rxb5 Rg6 39.Rg5 Re6 40.Qg4 Re7 41.Qd1 Bc7 42.Rg4 Qc5 43.Qa4 Qf2
44.Qa8+ Kf7 45.Kh3 Qxb2 46.Bxe4 Qb8 47.Qd5+ Ke8 48.Bxh7 Be5 49.Qg8+ Kd7 50.Bf5+ Kc6
51.Rc4+  1-0

[Event "1st Central Asia Cup"]
[Site "Tashkent UZB"]
[Date "2011.10.22"]
[Round "5.21"]
[White "Davletbayeva,M"]
[Black "Nasriddinzoda,M"]
[Result "1-0"]
[WhiteElo "2240"]
[BlackElo "2027"]

1.e4 d6 2.d4 Nf6 3.Nc3 e5 4.Nf3 Nbd7 5.Be2 Be7 6.O-O O-O 7.Re1 c6 8.a4 Re8
9.Bf1 Qc7 10.b3 Nf8 11.h3 Ng6 12.Bb2 h6 13.b4 Bf8 14.a5 Bd7 15.g3 Qc8 16.Kh2 exd4
17.Qxd4 c5 18.bxc5 dxc5 19.Qd3 Be6 20.Nd5 Nd7 21.c4 Nb8 22.Nd2 Nc6 23.f4 Nge7
24.Nf3 Nxd5 25.cxd5 Nb4 26.Qc3 Qc7 27.Rec1 Rac8 28.Bc4 Kh8 29.Ne5 Kh7 30.Rd1 Red8
31.Qb3  1-0

[Event "33rd Arco Open"]
[Site "Arco ITA"]
[Date "2011.10.23"]
[Round "2"]
[White "Karl,H"]
[Black "Hilbenz,G"]
[Result "0-1"]
[WhiteElo "2201"]
[BlackElo "1924"]

1.d4 d6 2.e4 Nf6 3.Nc3 e5 4.Nf3 exd4 5.Nxd4 Be7 6.Be2 O-O 7.O-O c5 8.Nf3 Nc6
9.h3 a6 10.Bf4 b5 11.Re1 Bb7 12.Bd3 Nb4 13.Bf1 d5 14.e5 Ne4 15.Nxe4 dxe4
16.Nd2 f5 17.a3 Nd5 18.Bh2 c4 19.Qe2 Qb6 20.Kh1 Nc7 21.b4 Ne6 22.c3 Rad8
23.Rad1 Rd3 24.Nb1 Rfd8 25.Bg1 Qc7 26.Qc2 Rxd1 27.Rxd1 Kf7 28.Bh2  0-1

[Event "TCh-SUI 2011"]
[Site "Lausanne SUI"]
[Date "2011.10.23"]
[Round "9.7"]
[White "Monsieux,C"]
[Black "Schmidt Schaeffer,S"]
[Result "1-0"]
[WhiteElo "2299"]
[BlackElo "2410"]

1.e4 d6 2.d4 Nf6 3.Nc3 Nbd7 4.Nge2 e5 5.g3 b5 6.a3 Bb7 7.Bg2 c6 8.O-O a5
9.d5 Be7 10.dxc6 Bxc6 11.Nd5 Nxd5 12.exd5 Bb7 13.f4 O-O 14.Be3 exf4 15.gxf4 Bf6
16.Bd4 Rc8 17.Qd3 Nc5 18.Qd2 Re8 19.Ng3 Na4 20.Bxf6 Qxf6 21.c3 Nb6 22.Qf2 Nc4
23.Rae1 g6 24.Ne4 Qd8 25.Qd4 Rxe4 26.Rxe4 Nxb2 27.Rfe1 Qf8 28.Re7 Ba8 29.Qf6 Nc4
30.Rd7 Nb6 31.Rxd6 Rb8 32.Kh1 Nc4 33.Rd7 Nb6 34.Rd6 Nc4 35.Ra6 Re8 36.Rxe8 Qxe8
37.Qd4 Bb7 38.Ra7 Nd6 39.Qe5 Qd8 40.Qd4 a4 41.Qc5 Qe8 42.h3 Qe1+ 43.Kh2 Ne4
44.Bxe4 Qxe4 45.Rxb7 Qxf4+ 46.Kg2 Qe4+ 47.Kf2 Qc2+ 48.Ke3 Qc1+ 49.Ke4 Qe1+
50.Qe3 Qh4+ 51.Ke5 Kg7 52.Qf4  1-0

[Event "1st Central Asia Cup"]
[Site "Tashkent UZB"]
[Date "2011.10.23"]
[Round "6.21"]
[White "Galyamov,V"]
[Black "Antonova,N"]
[Result "1-0"]
[WhiteElo "2199"]
[BlackElo "1862"]

1.e4 d6 2.d4 Nf6 3.Nc3 e5 4.dxe5 dxe5 5.Qxd8+ Kxd8 6.Bg5 c6 7.O-O-O+ Ke8
8.Nf3 Nbd7 9.a4 Bb4 10.Bd3 h6 11.Bd2 Bc5 12.Rhf1 a5 13.h3 Ke7 14.Nh4 g6 15.f4 exf4
16.Bxf4 Kf8 17.e5 Nh5 18.Bh2 Kg8 19.Bc4 Nf8 20.Rxf7 Ne6 21.Rc7  1-0

[Event "33rd Arco Open"]
[Site "Arco ITA"]
[Date "2011.10.24"]
[Round "3"]
[White "Burani,E"]
[Black "Menon,Michele"]
[Result "1/2-1/2"]
[WhiteElo "1932"]
[BlackElo "1776"]

1.e4 d6 2.d4 Nf6 3.Nc3 c6 4.Nf3 Bg4 5.h3 Bh5 6.Bf4 e6 7.Be2 Be7 8.O-O O-O
9.Qd3 d5 10.Ne5 Bxe2 11.Qxe2 c5 12.dxc5 Bxc5 13.Nd3 Be7 14.e5 Nfd7 15.Qg4 Re8
16.Bh6 Bf8 17.Nb5 g6 18.Be3 Nc6 19.f4 Bg7 20.Nd6 Rf8 21.Nxb7 Qc7 22.Nbc5 Nb6
23.Nxe6 Qc8 24.Ndc5 Nc4 25.Bc1 Nb4 26.b3 Na6 27.Nxa6 Qxa6 28.bxc4 Qxe6 29.Qg3 Qa6
30.Qg4 Qxc4 31.Ba3 Rfc8 32.Rab1 Qxc2 33.Bd6 Qxa2 34.Rb7 Qa6 35.Rfb1 Rc1+
36.Rxc1 Qxb7 37.Rc7 Qb5 38.Qh4 Re8 39.Kh2 a5 40.Qf2 Ra8 41.Qh4 Qe8 42.Re7 Qb5
43.Ra7 Re8 44.Qe1 a4 45.Qc3 Qc4 46.Qxc4 dxc4 47.Rxa4 Rc8 48.Ra2 f6 49.Rc2 fxe5
50.fxe5 Bh6 51.Kg3 c3 52.Kf3 Bd2 53.Kf2 Rc4 54.Kf3 Kg7 55.g3 h6 56.Be7 g5
57.Ba3 Kg6 58.g4 Rf4+ 59.Kg2 Re4 60.Bd6 Re2+ 61.Kf3 Re1 62.Bb4 Re3+ 63.Kg2 Re4
64.Bc5 Rxe5 65.Bb4 Re1 66.Kf2 Rc1 67.Rxc1 Bxc1 68.Bxc3 h5 69.Kf3 hxg4+ 70.hxg4 Kf7
71.Be5 Ke7 72.Ke4 Kd7 73.Bc3 Bf4 74.Bg7  1/2-1/2

[Event "33rd Arco Open"]
[Site "Arco ITA"]
[Date "2011.10.24"]
[Round "3"]
[White "Kierzek,Mi"]
[Black "Del Nevo,C"]
[Result "1-0"]
[WhiteElo "2023"]
[BlackElo "1831"]

1.e4 d6 2.d4 Nf6 3.Nc3 c6 4.a4 a5 5.Nf3 g6 6.h3 Bg7 7.Be3 b6 8.Qd2 Ba6 9.Be2 Bxe2
10.Qxe2 Na6 11.O-O O-O 12.Rad1 Qc7 13.Bf4 Nb4 14.Bh2 Nd7 15.e5 dxe5 16.dxe5 e6
17.Ne4 c5 18.Nf6+ Bxf6 19.exf6 Qc6 20.Ne5 Nxe5 21.Bxe5 Rfd8 22.Qe3 Qe8 23.Bd6 Kh8
24.Qh6 Qg8 25.c4 Nc6 26.Bc7 Rdc8 27.Bd6 Nd4 28.g4 Rd8 29.Be7 Re8 30.Rd3 g5
31.Rfd1 Qg6 32.Qxg6 hxg6 33.Kg2 Kh7 34.Re3 Nc6 35.Rd7 Ra7 36.Red3 Rxd7 37.Rxd7 Ne5
38.Rb7 Nxc4 39.b3 Nd2 40.Rxb6 c4 41.bxc4 Nxc4 42.Rb5 Ra8 43.Bc5 Rd8 44.Rb7 Kg8
45.Be7 Rc8 46.Rb5 Ra8 47.Rxg5 Nb2 48.h4 Nxa4 49.h5 Ra7 50.hxg6 fxg6 51.Rxg6+ Kf7
52.Rg7+  1-0

[Event "33rd Arco Open"]
[Site "Arco ITA"]
[Date "2011.10.24"]
[Round "3"]
[White "Antoniacci,R"]
[Black "La Manna,A"]
[Result "0-1"]
[WhiteElo "1913"]
[BlackElo "2189"]

1.e4 d6 2.d4 Nf6 3.Nc3 c6 4.Be2 e5 5.Bg5 Be7 6.Nf3 Nbd7 7.Qd2 O-O 8.h4 Re8
9.dxe5 dxe5 10.h5 h6 11.Bh4 b5 12.Bd3 Qc7 13.Ne2 Nc5 14.Bxf6 Bxf6 15.Ng3 a6
16.Qe3 Ne6 17.Ne2 c5 18.c3 Bb7 19.g3 Rad8 20.Rd1 c4 21.Bc2 Nc5 22.Nc1 Qc6
23.Rxd8 Bxd8 24.Nd2 Bg5 25.f4 Bf6 26.O-O Bd8 27.Qf3 Qe6 28.fxe5 Bg5 29.Rf2 Bxd2
30.Rxd2 Qxe5 31.Rf2 Re7 32.Rd2 Bxe4 33.Rd8+ Kh7 34.Bxe4+ Nxe4 35.Ne2 Ng5
36.Qa8 Qe3+ 37.Kh1 Qe4+ 38.Qxe4+ Rxe4 39.Nd4 Re1+ 40.Kg2 Rb1 41.b3 Rb2+ 42.Kg1 Rxa2
43.bxc4 bxc4 44.Rc8 Ne4 45.Nf5 Ra5 46.g4 Rc5 47.Re8 Nxc3 48.Re7 Na2 49.Rxf7 c3
50.Rxg7+ Kh8 51.Re7 Rxf5  0-1

[Event "33rd Arco Open"]
[Site "Arco ITA"]
[Date "2011.10.24"]
[Round "3"]
[White "Bortolotti,S"]
[Black "Cavatorta,F"]
[Result "0-1"]
[WhiteElo "1771"]
[BlackElo "1905"]

1.e4 d6 2.d4 Nf6 3.Nc3 Nbd7 4.f4 e5 5.Nf3 exd4 6.Nxd4 g6 7.Bc4 Bg7 8.O-O O-O
9.Nf3 Re8 10.e5 dxe5 11.fxe5 Nxe5 12.Qxd8 Nxf3+ 13.Rxf3 Rxd8 14.Bg5 Rd6 15.Raf1 Bf5
16.Bxf6 Bxf6 17.Nd5 Bd4+ 18.Kh1 Be6 19.Ne7+ Kh8 20.Bxe6 fxe6 21.c3 Bg7 22.Rh3 e5
23.Rhf3 Re8 24.Rf7 c6 25.Nxg6+ hxg6 26.Rxb7 Rf8 27.Rxf8+ Bxf8 28.h4 Rd1+
29.Kh2 Bd6 30.Kg3 e4+ 31.Kf2 Bc5+ 32.Ke2 Rg1 33.b4 Rxg2+ 34.Kf1 Rg1+ 35.Ke2 Rb1
36.Rc7 Rb2+ 37.Kd1 Bf2 38.Rxc6 e3 39.Re6 Rd2+ 40.Kc1 Rxa2 41.Kd1 Kg7 42.c4 Rd2+
43.Kc1 Rd4 44.c5 Rxb4  0-1

[Event "Corsica Masters 2011"]
[Site "Bastia FRA"]
[Date "2011.10.24"]
[Round "3"]
[White "Flear,G"]
[Black "Mamedov,Rau"]
[Result "1/2-1/2"]
[WhiteElo "2471"]
[BlackElo "2660"]

1.d4 d6 2.e4 Nf6 3.Nc3 e5 4.Nf3 Nbd7 5.Bc4 Be7 6.O-O O-O 7.Re1 c6 8.a4 b6
9.b3 Bb7 10.d5 cxd5 11.Nxd5 Rc8 12.Re2 Nc5 13.Nxf6+ Bxf6 14.Bd5 Bxd5 15.Qxd5 Ne6
16.Be3 Nc7 17.Qd3 d5 18.a5 d4 19.axb6 axb6 20.Bd2 Ne6 21.Ree1 Qc7 22.Ra2 Rfd8
23.Qb5 h6 24.g3 Qb7 25.Bb4 Nc5 26.Bxc5 Rxc5 27.Qe2 Rc3 28.Rd1 Rdc8 29.Ne1 g6
30.h4 h5 31.Nd3 Qe7 32.Kg2 Kg7 33.Rda1 Qd6 34.Rb2 Be7 35.Ra7 R8c7 36.Rxc7 Qxc7
37.Ra2 Bd6 38.Kg1 Qc6 39.Kh2 Qc7 40.Kg1 Qc6 41.Kh2 Qc7  1/2-1/2

[Event "US Chess League 2011"]
[Site "ICC INT"]
[Date "2011.10.24"]
[Round "9"]
[White "Adamson,R"]
[Black "Kavutskiy,K"]
[Result "1-0"]
[WhiteElo "2321"]
[BlackElo "2268"]

1.e4 d6 2.d4 Nf6 3.Nc3 c6 4.f4 Qa5 5.Bd3 e5 6.Nf3 Nbd7 7.O-O Be7 8.Kh1 O-O
9.Qe1 Qc7 10.dxe5 dxe5 11.fxe5 Nxe5 12.Nxe5 Qxe5 13.Bf4 Qh5 14.e5 Nd5 15.Nxd5 cxd5
16.Qa5 Be6 17.Qc7 Bg5 18.Bxg5 Qxg5 19.Rae1 b6 20.Qc3 Rac8 21.Qd4 Rc7 22.Re3 Rfc8
23.Rg3 Qh6 24.b3 b5 25.h3 a5 26.Kh2 b4 27.Rf6 g6 28.Qb6 Qh4 29.Qf2 Qh6 30.Qb6 Qh4
31.Qf2 Qh6 32.Rgf3 Qg5 33.Qd4 Re7 34.Rg3 Qh5 35.Qf4 Kh8 36.Rg5 Qh6 37.h4 Ra8
38.h5 a4 39.Kg3 axb3 40.axb3 Rg8 41.Kf2 Qg7 42.Qxb4 Rc7 43.hxg6 hxg6 44.Rf4 Rgc8
45.Rh4+ Kg8 46.Qd6 Rd7 47.Qa6 Qf8 48.Kg3 Ra8 49.Rxg6+ fxg6 50.Qxe6+ Qf7 51.Qh3 Qg7
52.Qe6+ Qf7 53.Qh3 Qg7 54.Qe6+ Qf7 55.Qc6 Rf8 56.Qxg6+ Qxg6+ 57.Bxg6 Re7
58.Rh5 Kg7 59.Rh7+ Kxg6 60.Rxe7 Kf5 61.e6 Rc8 62.Rf7+ Kxe6 63.Rf2 Ke5 64.Kf3 d4
65.Re2+ Kd5 66.g4 Rf8+ 67.Kg3 Rg8 68.Rg2 Ke4 69.Re2+ Kd5 70.Rg2 Ke4 71.Kf2 Rc8
72.Ke1 Ke3 73.Kd1 Rg8 74.g5 Kf3 75.Rg1 Ke3 76.g6 Ra8 77.Re1+ Kf4 78.Kd2  1-0

[Event "26th Le Touquet Open"]
[Site "Le Touquet FRA"]
[Date "2011.10.24"]
[Round "3.22"]
[White "Daniel,A"]
[Black "Lesot,J"]
[Result "1/2-1/2"]
[WhiteElo "1902"]
[BlackElo "2069"]

1.e4 d6 2.d4 Nf6 3.Nc3 Nbd7 4.Bg5 c6 5.b4 e5 6.Nf3 Be7 7.Qd2 O-O 8.h3 Re8
9.d5 cxd5 10.Nxd5 Nxe4 11.Nxe7+ Qxe7 12.Bxe7 Nxd2 13.Bxd6 Nxf3+ 14.gxf3 Nf6
15.Bb5 Bd7 16.Bxd7 Nxd7 17.O-O-O Rac8 18.Rhe1 f6 19.f4 e4 20.Rd4 f5 21.c4 b5
22.c5 Nb6 23.Kd2 Nc4+ 24.Rxc4 bxc4 25.b5 Re6 26.a4 Kf7 27.Kc3 Rh6 28.Re3 Ke8
29.Rg3 Kf7 30.a5 Rxd6 31.cxd6 g6 32.d7 Rd8 33.Kxc4 Ke6 34.b6 axb6 35.axb6 Kxd7
36.Kb5 Kc8 37.Rc3+ Kb8 38.Rc7 Rd2 39.Rxh7 Rxf2 40.Rh8+ Kb7 41.Rh7+ Kc8 42.b7+ Kb8
43.Ka6 Rg2 44.Kb6 Rb2+ 45.Ka6  1/2-1/2

[Event "12th Liberec Open"]
[Site "Liberec CZE"]
[Date "2011.10.24"]
[Round "3"]
[White "Brauer,C"]
[Black "Pribyl,Jo"]
[Result "1/2-1/2"]
[WhiteElo "2115"]
[BlackElo "2305"]

1.e4 d6 2.d4 Nf6 3.Nc3 e5 4.Nf3 Nbd7 5.Bc4 Be7 6.O-O O-O 7.Re1 c6 8.a4 b6
9.Bg5 a6 10.Ba2 Bb7 11.dxe5 dxe5 12.Nh4 Nc5 13.Nf5 Ne6 14.Be3 b5 15.Qf3 Nd4
16.Qg3 Nxf5 17.exf5  1/2-1/2

[Event "ch-CRC 2011"]
[Site "San Jose CRC"]
[Date "2011.10.24"]
[Round "7"]
[White "Munoz,Ca"]
[Black "Valdes,Le"]
[Result "0-1"]
[WhiteElo "2017"]
[BlackElo "2387"]

1.e4 d6 2.d4 Nf6 3.Nc3 Nbd7 4.f4 e5 5.Be3 c6 6.Qf3 Qa5 7.O-O-O b5 8.Kb1 b4
9.Nce2 Be7 10.Nc1 Qc7 11.g4 h5 12.gxh5 exd4 13.Rxd4 c5 14.Rd1 Bb7 15.Bg2 Bxe4
16.Qe2 Qb7 17.Nf3 Kf8 18.Rhg1 Re8 19.Ng5 Bxg2 20.Rxg2 Nd5 21.Qg4 Bf6 22.Rxd5 Qxd5
23.Qxd7 Rxe3 24.Rd2 Bd4 25.c3 Re7 26.Qd8+ Re8 27.Qd7 f6 28.cxd4 fxg5 29.fxg5 Qe6
30.Rf2+ Kg8 31.Qxa7 Rxh5 32.dxc5 Qg6+ 33.Ka1 Re1  0-1

[Event "6th Kavalier Open"]
[Site "Vienna AUT"]
[Date "2011.10.24"]
[Round "1"]
[White "Vrtiakova,Anna"]
[Black "Hoebarth,G"]
[Result "1/2-1/2"]
[WhiteElo "1540"]
[BlackElo "1986"]

1.e4 d6 2.d4 Nf6 3.Nc3 c6 4.Be2 Nbd7 5.Be3 e5 6.Nf3 Be7 7.O-O O-O 8.h3 Ne8
9.Nh2 Bg5 10.Qd2 Bxe3 11.Qxe3 exd4 12.Qxd4 Qb6 13.Qxb6 Nxb6 14.Rad1 f5 15.exf5 Bxf5
16.Bd3 d5 17.Bxf5 Rxf5 18.Rfe1 Nd6 19.Nf3 Raf8 20.Re2 Nbc4 21.b3 Nb6 22.Rde1 Rf4
23.Re7 Nbc8 24.R7e6 h6 25.Ne2 Re4 26.Ng3 Rxe1+ 27.Rxe1 Re8 28.Rxe8+ Nxe8
29.Ne5 Kf8 30.Nf5 Ncd6 31.Nxd6 Nxd6 32.f3 Ke7 33.g4 Ke6 34.Nd3 d4 35.Kf2 Kd5
36.Nf4+ Ke5 37.Nd3+ Ke6 38.Kg3 b5 39.h4 a5 40.Nf4+ Ke5 41.Nd3+ Kd5 42.Nf4+ Ke5
43.Nd3+ Kf6 44.Kf4 g5+ 45.hxg5+ hxg5+ 46.Kg3 Ke6 47.f4 Ne4+ 48.Kf3 Kd5 49.fxg5 Nxg5+
50.Kf4 Nf7 51.g5 c5 52.Kf5 Nxg5 53.Nf4+ Kd6 54.Kxg5 c4 55.bxc4 bxc4 56.Kf5 d3
57.cxd3 Kc5 58.Ke4 cxd3 59.Kxd3 Kb4 60.Nd5+ Ka3 61.Nc3 Kb2 62.a4 Kb3 63.Kd4 Kb4
64.Kd5 Kxc3 65.Kc5 Kd3 66.Kb5 Kd4 67.Kxa5 Kc5 68.Ka6 Kc6 69.a5 Kc7 70.Ka7 Kc6
71.a6 Kc7 72.Ka8 Kc8  1/2-1/2